000
00396nam a22001697a 4500
003
MPLRDC
005
20220104142734.0
008
210129b ||||| |||| 00| 0 eng d
082
_a
782.886 ZEL-23
100
_a
严静文
245
_a
周恩来评传
_c
250
_a
初版
260
_a
_b
博文书局
_c
1974
300
_b
平
650
_a
周恩来传记
942
_c
BK
_o
782.886 ZEL-23
999
_c
33313
_d
33303